000 00421nam a2200157Ia 4500
008 210210b1981 xxu||||| |||| 00| 0 eng d
082 _a954.035 MAHN
100 _aMAHAJAN (Vidya Dhar).
245 _aNationalist movement in India. Rev Ed 2.
250 _a
260 _aNew Delhi.
_bSterling Publishers Pvt Ltd.,
_c1981
300 _axvi,592
650 _aModern India
690 _aIndian History
906 _a037797
999 _c87705
_d87705